000 00888nas a2200301 4500
001 BR0905156
003 BR-BrBNA
005 20231205113615.0
007 ta
008 230509b bl.|||p| |||| 00| 00por d
040 _aBR-BrBNA
_bpor
_cBiblioteca Nacional de Agricultura
041 _a(Pt)
072 _aF01
100 1 _aGarlet, T.M.B.
100 1 _aSantos, O.S. dos
100 1 _aMedeiros, S.L.P.
100 1 _aManfron, P.A.
100 1 _aGarcia, D.C.
100 1 _aBorcioni, E.
100 1 _aFleig, V.
245 1 _aProdução e qualidade do óleo essencial de menta em hidroponia com doses de potássio
650 _aMENTA
650 _aÓLEO ESSENCIAL
650 _aCULTIVO HIDROPÔNICO
773 0 _tCiência Rural (Brazil)
_xISSN 0103-8478
_g(Jul-Aug 2007), v. 37(4) p. 956-962
_wBR0905156
909 _a202311
_bLúcia
_c55
_dLúcia Elande
942 _2AGRIS
_n0
_cANA
999 _c204681
_d204681